Open Data Biblioteca Nacional de Portugal


República Portuguesa: Ministério da Cultura
Biblioteca Nacional de Portugal

Catálogo da BNP: acesso por Identificadores Unívocos
Registos Bibliográficos associados ao registo de autoridade

Etiqueta de registo: 00254nam 2200025 450
001 2285194
003 http://id.bnportugal.gov.pt/bib/catbnp/2285194
010 ## $a978-989-679-829-1
021 ## $aPT$b503224/22
100 ## $a20260424d2023 c y0pory01030103ba
101 1# $apor
102 ## $aPT
105 ## $aa z 000yy
106 ## $ar
200 1# $a O livro do corpo humano$fil. Hannah Alice$gtrad. Rita Almeida
205 ## $a1ª ed
210 #9 $aLisboa$cEdicare,$d2023
215 ## $a[16] p.$cil.$d25 cm
702 #1 $aAlice,$bHannah$4440$31996830
702 #1 $92$aAlmeida,$bRita$31484419
801 #0 $aPT$bBN$gRPC
966 ## $lBN$mFGMON$x1
966 ## $lBN$mFGMON$x1
971 ## $corlando$d20260424

Etiqueta de registo: 00254nam 2200025 450
001 2285191
003 http://id.bnportugal.gov.pt/bib/catbnp/2285191
010 ## $a978-989-679-966-3
021 ## $aPT$b503502/22
100 ## $a20260424d2023 c y0pory01030103ba
101 1# $apor
102 ## $aPT
105 ## $aa z 000yy
106 ## $ar
200 1# $a O livro do planeta Terra$fil. Hannah Alice$gtrad. Filipa Soares
205 ## $a1ª ed
210 #9 $aLisboa$cEdicare,$d2023
215 ## $a[14] p.$cil.$d25 cm
702 #1 $aAlice,$bHannah$4440$31996830
702 #1 $aSoares,$bFilipa Correia$4730$3243944
801 #0 $aPT$bBN$gRPC
966 ## $lBN$mFGMON$x1
966 ## $lBN$mFGMON$x1
971 ## $corlando$d20260424

OpendataBNP@bnportugal.pt | Mais informação sobre acesso aos dados BNP